[Event "RUS-ch 1st League 59th"]
[Site "Tomsk"]
[Date "2006.09.11"]
[Round "9"]
[White "Kosteniuk, Alexandra"]
[Black "Karpov, Vadim"]
[Result "1-0"]
[WhiteElo "2534"]
[BlackElo "2411"]
[PlyCount "86"]
[EventDate "2006.09.03"]
[EventType "swiss"]
[EventRounds "9"]
[EventCountry "RUS"]
[SourceTitle "CBM 114 Extra"]
[Source "ChessBase"]
[SourceDate "2006.11.03"]
[SourceVersion "1"]
[SourceVersionDate "2006.11.03"]
[SourceQuality "1"]

1. e4 e5 2. Nf3 Nc6 3. Bb5 a6 4. Ba4 Nf6 5. O-O Be7 6. Re1 d6 7. c3 Bg4 8. d3
O-O 9. Nbd2 Nd7 10. h3 Bh5 11. Nf1 Nc5 12. Bc2 Ne6 13. Ng3 Bxf3 14. Qxf3 Bg5
15. Be3 Qf6 16. Qg4 Qg6 17. Qd1 Bxe3 18. Rxe3 Nf4 19. Qf3 Qg5 20. Rd1 Rad8 21.
d4 g6 22. Kh2 h5 23. d5 Nb8 24. Nf1 h4 25. c4 a5 26. Ra3 b6 27. Ne3 Nd7 28. g3
Nh5 29. Rf1 Ng7 30. Qe2 Kh8 31. Ng2 hxg3+ 32. fxg3 f5 33. Raf3 fxe4 34. Qxe4
Rxf3 35. Rxf3 Rf8 36. h4 Qh6 37. g4 Rxf3 38. Qxf3 Kg8 39. g5 Qh7 40. Qh3 Nf8
41. Ne3 Nh5 42. Ng4 Qd7 43. Bxg6 Qe7 1-0

[Event "Cap d'Agde-A"]
[Site "Cap d'Agde"]
[Date "2006.10.27"]
[Round "2"]
[White "Negi, Parimarjan"]
[Black "Kosteniuk, Alexandra"]
[Result "1-0"]
[WhiteElo "2538"]
[BlackElo "2534"]
[PlyCount "93"]
[EventDate "2006.10.27"]
[EventType "tourn (rapid)"]
[EventRounds "7"]
[EventCountry "FRA"]
[EventCategory "14"]
[SourceTitle "CBM 115"]
[Source "ChessBase"]
[SourceDate "2006.11.15"]
[SourceVersion "1"]
[SourceVersionDate "2006.11.15"]
[SourceQuality "1"]

1. e4 e5 2. Nf3 Nc6 3. Bb5 a6 4. Ba4 Nf6 5. O-O Be7 6. Re1 b5 7. Bb3 O-O 8. c3
d5 9. exd5 Nxd5 10. Nxe5 Nxe5 11. Rxe5 c6 12. d4 Bd6 13. Re1 Qh4 14. g3 Qh3 15.
Re4 g5 16. Qf1 Qh5 17. Nd2 f5 18. Bd1 Qh6 19. Re1 f4 20. Ne4 Bc7 21. f3 Bh3 22.
Qf2 g4 23. fxg4 Qg6 24. Qc2 Rae8 25. Bd2 Ne3 26. Bxe3 fxe3 27. Nc5 Qh6 28. Ne4
Qg6 29. Nc5 Qg5 30. Qd3 Rf2 31. Bc2 Re7 32. Ne4 Rg2+ 33. Kh1 Qg6 34. Rxe3 Kg7
35. Rae1 Rf7 36. Ng5 Rxc2 37. Qxg6+ hxg6 38. Nxf7 Kxf7 39. Re7+ Kf6 40. Rxc7
Bg2+ 41. Kg1 Bd5 42. h4 Rg2+ 43. Kf1 Rxg3 44. g5+ Kf5 45. Kf2 Rg2+ 46. Ke3 Rxb2
47. Rg1 1-0

[Event "Cap d'Agde-A"]
[Site "Cap d'Agde"]
[Date "2006.10.29"]
[Round "6"]
[White "Fressinet, Laurent"]
[Black "Kosteniuk, Alexandra"]
[Result "1-0"]
[WhiteElo "2640"]
[BlackElo "2534"]
[PlyCount "115"]
[EventDate "2006.10.27"]
[EventType "tourn (rapid)"]
[EventRounds "7"]
[EventCountry "FRA"]
[EventCategory "14"]
[SourceTitle "CBM 115"]
[Source "ChessBase"]
[SourceDate "2006.11.15"]
[SourceVersion "1"]
[SourceVersionDate "2006.11.15"]
[SourceQuality "1"]

1. e4 e5 2. Nf3 Nf6 3. d4 Nxe4 4. Bd3 d5 5. Nxe5 Nd7 6. Nxd7 Bxd7 7. O-O Qh4 8.
c4 O-O-O 9. c5 g6 10. Nc3 Nf6 11. Ne2 Ng4 12. Bf4 g5 13. Bg3 Qh6 14. Qd2 f5 15.
f4 gxf4 16. Bxf4 Qc6 17. b4 Bh6 18. b5 Bxf4 19. Qxf4 Qg6 20. c6 Be6 21. cxb7+
Kb8 22. Rac1 Rd6 23. Rc6 Bd7 24. Rxd6 Qxd6 25. Qxd6 cxd6 26. Nc3 Ne3 27. Re1 f4
28. Ne2 f3 29. gxf3 Rf8 30. Kf2 Ng4+ 31. Kg3 Nf6 32. Nf4 Rf7 33. a4 Kxb7 34.
Bc2 Rg7+ 35. Kf2 Kb6 36. Bb3 Ka5 37. Nxd5 Nxd5 38. Bxd5 Bh3 39. Bc6 Rg2+ 40.
Ke3 Rxh2 41. Kf4 Rc2 42. Rh1 Bc8 43. Rxh7 Kb6 44. Rh8 Be6 45. Rb8+ Ka5 46. Rb7
Rc4 47. Rxa7+ Kb6 48. Ra6+ Kc7 49. Ke3 Rc3+ 50. Kd2 Rc4 51. Kd3 d5 52. a5 Bf5+
53. Ke3 Rc3+ 54. Kf4 Bc8 55. Ra7+ Kd6 56. Ra8 Be6 57. a6 Rd3 58. a7 1-0

[Event "ACP Blitz"]
[Site "Playchess.com INT"]
[Date "2006.??.??"]
[Round "1"]
[White "Golod, Vitali"]
[Black "Kosteniuk, Alexandra"]
[Result "1-0"]
[WhiteElo "2582"]
[BlackElo "2531"]
[PlyCount "93"]
[EventDate "2006.12.??"]
[EventType "swiss (blitz)"]
[EventRounds "11"]
[EventCountry "GER"]
[SourceTitle "EXT 2013"]
[Source "ChessBase"]
[SourceDate "2012.11.22"]
[SourceVersion "1"]
[SourceVersionDate "2012.11.22"]
[SourceQuality "1"]

1. d4 Nf6 2. c4 e6 3. Nc3 Bb4 4. Qc2 d5 5. a3 Bxc3+ 6. Qxc3 Ne4 7. Qc2 c5 8.
dxc5 Nc6 9. Nf3 Qa5+ 10. Bd2 Qxc5 11. e3 Nxd2 12. Nxd2 O-O 13. b4 Qe7 14. Be2
d4 15. O-O dxe3 16. fxe3 Qg5 17. Rf3 f5 18. c5 Ne5 19. Rg3 Qf6 20. Rf1 Ng6 21.
Ne4 Qe5 22. Nd6 a5 23. Bc4 axb4 24. axb4 Ra1 25. Qd2 Rxf1+ 26. Bxf1 f4 27. exf4
Nxf4 28. Rf3 Bd7 29. Qe3 Qxe3+ 30. Rxe3 Bc6 31. b5 Bd5 32. g3 Ng6 33. Bg2 Ne7
34. Nxb7 Nf5 35. Re5 Nd4 36. Nd6 Bxg2 37. Kxg2 Ra8 38. c6 Ra2+ 39. Kh3 Nf3 40.
Re3 Rxh2+ 41. Kg4 Nd4 42. c7 h5+ 43. Kf4 Rc2 44. b6 e5+ 45. Kxe5 Nc6+ 46. Ke6
Nd4+ 47. Kd7 1-0

[Event "ACP Blitz"]
[Site "Playchess.com INT"]
[Date "2006.??.??"]
[Round "1"]
[White "Kosteniuk, Alexandra"]
[Black "Golod, Vitali"]
[Result "0-1"]
[WhiteElo "2531"]
[BlackElo "2582"]
[PlyCount "92"]
[EventDate "2006.12.??"]
[EventType "swiss (blitz)"]
[EventRounds "11"]
[EventCountry "GER"]
[SourceTitle "EXT 2013"]
[Source "ChessBase"]
[SourceDate "2012.11.22"]
[SourceVersion "1"]
[SourceVersionDate "2012.11.22"]
[SourceQuality "1"]

1. e4 e5 2. Nf3 Nc6 3. Bb5 a6 4. Ba4 Nf6 5. O-O Nxe4 6. d4 b5 7. Bb3 d5 8. dxe5
Be6 9. Nbd2 Bc5 10. c3 O-O 11. Bc2 Bf5 12. Nb3 Bg6 13. Nxc5 Nxc5 14. Nd4 Nxe5
15. Re1 Ned3 16. Re3 Nxc1 17. Nc6 Bxc2 18. Qxc2 Qd6 19. Ne7+ Kh8 20. Rxc1 g6
21. Rd1 c6 22. f4 Rae8 23. Qe2 Ne6 24. f5 Rxe7 25. fxe6 Rxe6 26. Re1 Rfe8 27.
Qf2 Qc5 28. Rxe6 Qxf2+ 29. Kxf2 Rxe6 30. Rd1 a5 31. Rd3 Re4 32. h3 f5 33. b3 a4
34. Rd2 Kg7 35. Rd3 Kf6 36. Kf3 h5 37. Rd2 h4 38. c4 bxc4 39. bxa4 c3 40. Rc2
d4 41. a5 Re5 42. a6 Ra5 43. Ke2 Rxa6 44. Kd3 c5 45. Kc4 Ra5 46. Re2 Kg5 0-1

[Event "ACP Blitz"]
[Site "Playchess.com INT"]
[Date "2006.??.??"]
[Round "3"]
[White "Kosteniuk, Alexandra"]
[Black "Socko, Monika"]
[Result "1-0"]
[WhiteElo "2531"]
[BlackElo "2473"]
[PlyCount "115"]
[EventDate "2006.12.??"]
[EventType "swiss (blitz)"]
[EventRounds "11"]
[EventCountry "GER"]
[SourceTitle "EXT 2013"]
[Source "ChessBase"]
[SourceDate "2012.11.22"]
[SourceVersion "1"]
[SourceVersionDate "2012.11.22"]
[SourceQuality "1"]

1. e4 g6 2. d4 d6 3. Nc3 Bg7 4. f4 Nf6 5. Nf3 O-O 6. Bd3 Na6 7. O-O c5 8. d5
Rb8 9. a4 Nb4 10. Bc4 a6 11. e5 Nd7 12. exd6 exd6 13. a5 Nf6 14. h3 Bf5 15. Rf2
b5 16. axb6 Ne4 17. Nxe4 Bxe4 18. c3 Nc2 19. Rxc2 Bxc2 20. Qxc2 Rxb6 21. Qf2
Qc8 22. Qh4 Qb7 23. Ng5 h6 24. Ne4 f5 25. Nf2 Re8 26. Qg3 Re1+ 27. Kh2 Qf7 28.
Ng4 Rxc1 29. Rxc1 fxg4 30. Qxg4 Rxb2 31. Bxa6 Kh7 32. c4 Qe7 33. Qg3 Qe2 34.
Re1 Qd2 35. Re6 Qc2 36. Re7 Rb3 37. Qg4 Qd2 38. Bc8 Re3 39. Be6 Re4 40. Bg8+
Kxg8 41. Rxe4 Kh7 42. Re6 Qd3 43. Rxd6 h5 44. Qg3 Qf5 45. Re6 Bh6 46. Re7+ Kg8
47. Qf3 Qxf4+ 48. Qxf4 Bxf4+ 49. g3 Bg5 50. Re6 Kf7 51. Rc6 Be3 52. Kg2 g5 53.
Kf3 Bd4 54. Ke4 Bf2 55. g4 hxg4 56. hxg4 Ke7 57. Kf5 Be3 58. Re6+ 1-0

[Event "ACP Blitz"]
[Site "Playchess.com INT"]
[Date "2006.??.??"]
[Round "3"]
[White "Socko, Monika"]
[Black "Kosteniuk, Alexandra"]
[Result "0-1"]
[WhiteElo "2473"]
[BlackElo "2531"]
[PlyCount "176"]
[EventDate "2006.12.??"]
[EventType "swiss (blitz)"]
[EventRounds "11"]
[EventCountry "GER"]
[SourceTitle "EXT 2013"]
[Source "ChessBase"]
[SourceDate "2012.11.22"]
[SourceVersion "1"]
[SourceVersionDate "2012.11.22"]
[SourceQuality "1"]

1. d4 Nf6 2. c4 e6 3. Nc3 Bb4 4. Qc2 d5 5. a3 Bxc3+ 6. Qxc3 Ne4 7. Qc2 c5 8.
dxc5 Nc6 9. Nf3 O-O 10. e3 Qa5+ 11. Bd2 Nxd2 12. Qxd2 Qxc5 13. cxd5 exd5 14.
Rc1 Qd6 15. Be2 Bg4 16. O-O Rfe8 17. h3 Bh5 18. Rfd1 Rad8 19. Rc3 f6 20. Rd3
Bf7 21. Qc3 Ne5 22. Nxe5 fxe5 23. R3d2 Qg6 24. Qc5 Qc6 25. Qa5 b6 26. Qa6 Re7
27. Bf3 e4 28. Bg4 h5 29. Be2 Qg6 30. Qb5 Re5 31. Rc1 Rg5 32. Bf1 Rd6 33. Rdc2
d4 34. Qb4 d3 35. Rc8+ Kh7 36. R8c7 a5 37. Qc3 Rf6 38. Rd1 Qf5 39. Rd2 Qxh3 40.
Qd4 Qf5 41. f4 Rg3 42. Qe5 Qxe5 43. fxe5 Rf5 44. Rf2 Bg6 45. e6 Re5 46. Rf8 d2
47. Rcc8 Be8 48. Rd8 Rxe6 49. Rxd2 Rxe3 50. Rd8 Bc6 51. Bc4 Rf6 52. Rxf6 gxf6
53. Rd6 b5 54. Rxc6 bxc4 55. Rxc4 Re2 56. b4 axb4 57. axb4 f5 58. b5 Rb2 59.
Rc5 Kg6 60. Rc6+ Kg5 61. b6 Kf4 62. Kf1 h4 63. Rd6 Kg3 64. Rg6+ Kf4 65. Rh6 h3
66. Rh4+ Ke5 67. Rxh3 Rxb6 68. Rc3 Rb2 69. Rc4 Kf4 70. Rc3 e3 71. Rc4+ Kg3 72.
Rc5 f4 73. Rg5+ Kh4 74. Rg8 Rf2+ 75. Kg1 Ra2 76. Kf1 Kh5 77. Rg7 Ra5 78. Rg8
Rg5 79. Rf8 Kg4 80. Rf7 Kg3 81. Rf8 Rg4 82. Rf7 Rg6 83. Rf8 Kg4 84. Rf7 Rd6 85.
Rg7+ Kf5 86. Rf7+ Ke4 87. Re7+ Kd3 88. Rf7 Kd2 0-1

[Event "ACP Blitz"]
[Site "Playchess.com INT"]
[Date "2006.??.??"]
[Round "4"]
[White "Kosteniuk, Alexandra"]
[Black "Sasikiran, Krishnan"]
[Result "1-0"]
[WhiteElo "2531"]
[BlackElo "2675"]
[PlyCount "43"]
[EventDate "2006.12.??"]
[EventType "swiss (blitz)"]
[EventRounds "11"]
[EventCountry "GER"]
[SourceTitle "EXT 2013"]
[Source "ChessBase"]
[SourceDate "2012.11.22"]
[SourceVersion "1"]
[SourceVersionDate "2012.11.22"]
[SourceQuality "1"]

1. e4 c5 2. Nf3 d6 3. d4 cxd4 4. Nxd4 Nf6 5. Nc3 a6 6. Bg5 e6 7. f4 Nbd7 8. Qf3
Qc7 9. O-O-O b5 10. Bd3 Bb7 11. Rhe1 Qb6 12. Nb3 Be7 13. Kb1 O-O-O 14. Qh3 h6
15. Bxf6 Bxf6 16. e5 dxe5 17. Be4 exf4 18. Bxb7+ Qxb7 19. Ne4 Be7 20. Rd6 Kb8
21. Na5 Qa7 22. Nc6+ 1-0

[Event "ACP Blitz"]
[Site "Playchess.com INT"]
[Date "2006.??.??"]
[Round "4"]
[White "Sasikiran, Krishnan"]
[Black "Kosteniuk, Alexandra"]
[Result "0-1"]
[WhiteElo "2675"]
[BlackElo "2531"]
[PlyCount "114"]
[EventDate "2006.12.??"]
[EventType "swiss (blitz)"]
[EventRounds "11"]
[EventCountry "GER"]
[SourceTitle "EXT 2013"]
[Source "ChessBase"]
[SourceDate "2012.11.22"]
[SourceVersion "1"]
[SourceVersionDate "2012.11.22"]
[SourceQuality "1"]

1. d4 Nf6 2. c4 e6 3. Nc3 Bb4 4. e3 O-O 5. Nge2 d5 6. a3 Be7 7. cxd5 exd5 8. g3
a5 9. Bg2 Na6 10. O-O c6 11. b3 Nc7 12. Kh1 Be6 13. Nf4 Qd7 14. Ra2 b5 15. f3
b4 16. Na4 Rab8 17. Nd3 Na6 18. axb4 Bxb4 19. Rc2 Rfc8 20. g4 Bd6 21. Rc3 Bb4
22. Rc2 Bd6 23. Rb2 c5 24. dxc5 Nxc5 25. Ndxc5 Bxc5 26. Nxc5 Rxc5 27. Rd2 Qb5
28. Rb2 Rc3 29. Qe1 d4 30. g5 Nd7 31. exd4 Rxb3 32. Rxb3 Bxb3 33. f4 Bd5 34.
Qf2 Re8 35. Bxd5 Qxd5+ 36. Qg2 Qxd4 37. Bb2 Qb4 38. f5 Nf8 39. Ba1 Re4 40. Qb2
Qxb2 41. Bxb2 a4 42. f6 Rb4 43. Ba3 Rb3 44. Bd6 h6 45. Rc1 Ne6 46. Rc8+ Kh7 47.
fxg7 Kxg7 48. gxh6+ Kxh6 49. Ra8 Rb1+ 50. Kg2 Rd1 51. Be5 Rd5 52. Bb8 Rd4 53.
Bg3 Kg6 54. Kf3 Kf5 55. Ke3 Rb4 56. Ra5+ Kg4 57. Kf2 f5 0-1

[Event "ACP Blitz"]
[Site "Playchess.com INT"]
[Date "2006.??.??"]
[Round "5"]
[White "Abergel, Thal"]
[Black "Kosteniuk, Alexandra"]
[Result "1-0"]
[WhiteElo "2474"]
[BlackElo "2531"]
[PlyCount "23"]
[EventDate "2006.12.??"]
[EventType "swiss (blitz)"]
[EventRounds "11"]
[EventCountry "GER"]
[SourceTitle "EXT 2013"]
[Source "ChessBase"]
[SourceDate "2012.11.22"]
[SourceVersion "1"]
[SourceVersionDate "2012.11.22"]
[SourceQuality "1"]

1. e4 e5 2. Nf3 Nc6 3. Bc4 Bc5 4. b4 Bxb4 5. c3 Ba5 6. d4 exd4 7. O-O d3 8. Ba3
Nge7 9. Ng5 Ne5 10. Qh5 g6 11. Qh6 Ng8 12. Qf8# 1-0

[Event "ACP Blitz"]
[Site "Playchess.com INT"]
[Date "2006.??.??"]
[Round "5"]
[White "Kosteniuk, Alexandra"]
[Black "Abergel, Thal"]
[Result "1-0"]
[WhiteElo "2531"]
[BlackElo "2474"]
[PlyCount "97"]
[EventDate "2006.12.??"]
[EventType "swiss (blitz)"]
[EventRounds "11"]
[EventCountry "GER"]
[SourceTitle "EXT 2013"]
[Source "ChessBase"]
[SourceDate "2012.11.22"]
[SourceVersion "1"]
[SourceVersionDate "2012.11.22"]
[SourceQuality "1"]

1. e4 c5 2. Nf3 d6 3. d4 cxd4 4. Nxd4 Nf6 5. Nc3 Nc6 6. Bg5 Bd7 7. Qd2 Rc8 8.
f4 Nxd4 9. Qxd4 Qa5 10. e5 dxe5 11. fxe5 e6 12. Bd2 Bc5 13. Qh4 Ng8 14. Ne4 Qb6
15. b4 Bxb4 16. Bxb4 Qxb4+ 17. c3 Qe7 18. Nd6+ Kf8 19. Qxe7+ Nxe7 20. Nxc8 Bxc8
21. O-O-O Nc6 22. Bb5 Ke7 23. Bxc6 bxc6 24. Rd6 Bd7 25. Rhd1 Rd8 26. c4 f6 27.
Kb2 fxe5 28. Kc3 e4 29. R6d4 c5 30. Rxe4 Bc6 31. Rxd8 Bxe4 32. Rc8 Kd6 33. g3
g5 34. Rg8 Bg6 35. Kd2 Ke5 36. Ra8 Kd4 37. Rxa7 Kxc4 38. Rc7 e5 39. Re7 e4 40.
Rb7 Kd4 41. a4 c4 42. Rd7+ Kc5 43. Kc3 e3 44. Re7 Bd3 45. Re5+ Kb6 46. Rxe3 Ka5
47. Re5+ Kxa4 48. Rxg5 h6 49. Rh5 1-0

[Event "ACP Blitz"]
[Site "Playchess.com INT"]
[Date "2006.??.??"]
[Round "6"]
[White "Bartel, Mateusz"]
[Black "Kosteniuk, Alexandra"]
[Result "1/2-1/2"]
[WhiteElo "2569"]
[BlackElo "2531"]
[PlyCount "178"]
[EventDate "2006.12.??"]
[EventType "swiss (blitz)"]
[EventRounds "11"]
[EventCountry "GER"]
[SourceTitle "EXT 2013"]
[Source "ChessBase"]
[SourceDate "2012.11.22"]
[SourceVersion "1"]
[SourceVersionDate "2012.11.22"]
[SourceQuality "1"]

1. g3 d5 2. Bg2 e5 3. c3 Nc6 4. d4 e4 5. f3 Bf5 6. Nd2 Nf6 7. fxe4 dxe4 8. Nc4
Qd7 9. Ne3 Bg6 10. Nh3 Bd6 11. Kf1 O-O 12. Nf2 Qe7 13. Bh3 Nd7 14. Nd5 Qe8 15.
Bf4 f5 16. Nxc7 Bxc7 17. Bxc7 Nf6 18. e3 Qd7 19. Bf4 Rae8 20. Qb3+ Kh8 21. Kg2
h6 22. Rhd1 Bh7 23. d5 Ne5 24. Bxe5 Rxe5 25. c4 g5 26. Qc3 Rfe8 27. Kg1 Qg7 28.
d6 Nd7 29. Rd2 b6 30. Rad1 Bg8 31. b3 Be6 32. Bg2 Rd8 33. Rd4 h5 34. Kf1 Rf8
35. Ke2 Qf6 36. Kd2 Rc8 37. Bf1 Kg7 38. Be2 b5 39. Rc1 bxc4 40. bxc4 Rec5 41.
Qa3 a5 42. Rb1 Qe5 43. Rb7 Kh6 44. Nd1 f4 45. gxf4 gxf4 46. Nb2 Bf5 47. Qc3 Rf8
48. exf4 Qxf4+ 49. Qe3 Qxe3+ 50. Kxe3 Rg8 51. Na4 Re5 52. Rd5 Rxd5 53. cxd5 Rg6
54. Nb6 Rxd6 55. Nxd7 Bxd7 56. Kxe4 Bh3 57. Ke5 Rd8 58. Bb5 Bg2 59. Rb6+ Kg5
60. Rd6 Rb8 61. Bc6 Rb2 62. Rd7 Rxa2 63. Rg7+ Kh4 64. Rg3 Re2+ 65. Kd4 a4 66.
Kc5 a3 67. Rxa3 Bxd5 68. Bxd5 Rc2+ 69. Kd6 Rxh2 70. Ra4+ Kg3 71. Re4 h4 72. Re5
h3 73. Re4 Rd2 74. Ke5 h2 75. Re3+ Kf2 76. Rf3+ Kg1 77. Rh3 Rxd5+ 78. Kxd5
h1=Q+ 79. Rxh1+ Kxh1 80. Ke5 Kh2 81. Ke6 Kh1 82. Ke5 Kh2 83. Ke4 Kh1 84. Ke5
Kh2 85. Ke4 Kh1 86. Ke5 Kh2 87. Ke4 Kh1 88. Ke5 Kh2 89. Ke4 Kh1 1/2-1/2

[Event "ACP Blitz"]
[Site "Playchess.com INT"]
[Date "2006.??.??"]
[Round "6"]
[White "Kosteniuk, Alexandra"]
[Black "Bartel, Mateusz"]
[Result "1/2-1/2"]
[WhiteElo "2531"]
[BlackElo "2569"]
[PlyCount "175"]
[EventDate "2006.12.??"]
[EventType "swiss (blitz)"]
[EventRounds "11"]
[EventCountry "GER"]
[SourceTitle "EXT 2013"]
[Source "ChessBase"]
[SourceDate "2012.11.22"]
[SourceVersion "1"]
[SourceVersionDate "2012.11.22"]
[SourceQuality "1"]

1. e4 e6 2. Qe2 c5 3. d3 Nc6 4. Nf3 Nge7 5. g3 d5 6. Bg2 g6 7. O-O Bg7 8. c3 h6
9. Ne1 O-O 10. f4 f5 11. e5 g5 12. fxg5 hxg5 13. Bxg5 Nxe5 14. Nd2 Nf7 15. Bxe7
Qxe7 16. Bxd5 Ng5 17. Bg2 Bd7 18. Nef3 Nxf3+ 19. Nxf3 e5 20. Rae1 Rae8 21. Nd2
b6 22. Nc4 Qf6 23. Ne3 Qg6 24. Nd5 Kh7 25. Rf2 Be6 26. Ref1 Rf7 27. Kh1 Rd8 28.
Ne3 Rdf8 29. Nd5 Rd8 30. c4 Rdf8 31. Bh3 Qh6 32. Bg2 Kh8 33. Bf3 Rd8 34. h4 f4
35. gxf4 exf4 36. Be4 Bd4 37. Rh2 Rg8 38. h5 Bg4 39. Qd2 Be5 40. Bg6 Rff8 41.
Qe1 Qg5 42. Qh4 Qxh4 43. Rxh4 Be6 44. Nxf4 Bd7 45. Kg1 Bd4+ 46. Kg2 Bxb2 47.
Nd5 Bc6 48. Rhf4 Rd8 49. Rf7 Rg7 50. Rxg7 Kxg7 51. Rf7+ Kh6 52. Rh7+ Kg5 53.
Rxa7 Bxd5+ 54. cxd5 Rxd5 55. Kf3 Rd6 56. Rf7 Rf6+ 57. Rxf6 Kxf6 58. Ke4 Ke6 59.
a4 Bc1 60. Kf3 Ke5 61. Ke2 Kd4 62. Kd1 Bh6 63. Kc2 Kd5 64. Kb3 Kd4 65. Bf7 Bg5
66. Bc4 Bh6 67. Kc2 Bg5 68. Kd1 Ke3 69. Ke1 Kf3 70. Kd1 Ke3 71. Kc2 Kd4 72. Bb5
Bh6 73. Kd1 Ke3 74. Ke1 Kf3 75. Kf1 Be3 76. Bc6+ Kg3 77. Ke2 Bh6 78. Be4 Kg4
79. Bg6 Kg3 80. Be8 Bg5 81. Bc6 Bh6 82. Be4 Kg4 83. Kd1 Kxh5 84. Kc2 Kg4 85.
Kb3 Bd2 86. Kc4 Ba5 87. Kb5 Kf4 88. Bg6 1/2-1/2

[Event "ACP Blitz"]
[Site "Playchess.com INT"]
[Date "2006.??.??"]
[Round "7"]
[White "Kosteniuk, Alexandra"]
[Black "Macieja, Bartlomiej"]
[Result "0-1"]
[WhiteElo "2531"]
[BlackElo "2581"]
[PlyCount "142"]
[EventDate "2006.12.??"]
[EventType "swiss (blitz)"]
[EventRounds "11"]
[EventCountry "GER"]
[SourceTitle "EXT 2013"]
[Source "ChessBase"]
[SourceDate "2012.11.22"]
[SourceVersion "1"]
[SourceVersionDate "2012.11.22"]
[SourceQuality "1"]

1. e4 c5 2. Nf3 g6 3. c3 Bg7 4. Na3 Nf6 5. e5 Nd5 6. d4 cxd4 7. Nc2 O-O 8. Qxd4
Nb6 9. Qh4 Nc6 10. Bh6 Nxe5 11. Nxe5 Bxe5 12. Bxf8 Qxf8 13. O-O-O d6 14. f4 Bf6
15. Qf2 Qd8 16. Bd3 Na4 17. Nd4 Qa5 18. Nb3 Qc7 19. Kb1 Bg4 20. Rc1 Bd7 21. h4
b5 22. h5 Qb7 23. hxg6 hxg6 24. Qg3 Qd5 25. Rcd1 Bf5 26. Nc1 Bxd3+ 27. Qxd3 Qc6
28. Ne2 b4 29. Nd4 Qxg2 30. Qc2 Qxc2+ 31. Kxc2 bxc3 32. b3 Nc5 33. Ne2 Rc8 34.
Rh2 Ne4 35. Rg1 e6 36. Rh3 d5 37. Rf3 Kf8 38. Rd3 Ke7 39. b4 Rc4 40. a3 a5 41.
bxa5 Ra4 42. Ra1 Rxa5 43. a4 Nc5 44. Rh3 Rxa4 45. Rxa4 Nxa4 46. Kb3 Nc5+ 47.
Kb4 Ne4 48. Rh1 Kd6 49. Ra1 Be7 50. Ra6+ Kd7+ 51. Kb5 Nd6+ 52. Kb6 Nc4+ 53. Kb5
Bf6 54. Ra7+ Ke8 55. Ra8+ Ke7 56. Ra7+ Kf8 57. Ra2 Kg7 58. Kc5 Ne3 59. Kd6 c2
60. Kd7 d4 61. Nc1 g5 62. fxg5 Bxg5 63. Nd3 Bf6 64. Ke8 e5 65. Ra7 e4 66. Rxf7+
Kg6 67. Nf4+ Kf5 68. Ne2 d3 69. Nd4+ Ke5 70. Nc6+ Kf5 71. Ne7+ Kg5 0-1

[Event "ACP Blitz"]
[Site "Playchess.com INT"]
[Date "2006.??.??"]
[Round "7"]
[White "Macieja, Bartlomiej"]
[Black "Kosteniuk, Alexandra"]
[Result "1/2-1/2"]
[WhiteElo "2581"]
[BlackElo "2531"]
[PlyCount "85"]
[EventDate "2006.12.??"]
[EventType "swiss (blitz)"]
[EventRounds "11"]
[EventCountry "GER"]
[SourceTitle "EXT 2013"]
[Source "ChessBase"]
[SourceDate "2012.11.22"]
[SourceVersion "1"]
[SourceVersionDate "2012.11.22"]
[SourceQuality "1"]

1. e4 e5 2. Nf3 Nc6 3. Bb5 a6 4. Bxc6 dxc6 5. O-O Qd6 6. d3 Bg4 7. h3 Bh5 8.
Be3 c5 9. Nbd2 f6 10. Nc4 Qe7 11. a3 Bf7 12. Nfd2 Qd7 13. f4 b5 14. Na5 exf4
15. Bxf4 Bd6 16. Qf3 Bxf4 17. Qxf4 Ne7 18. Qf2 c4 19. dxc4 O-O 20. cxb5 axb5
21. Nab3 Ng6 22. Rad1 Qe7 23. Qc5 Qe5 24. Qxe5 Nxe5 25. Nd4 c5 26. N4f3 Rfe8
27. Nxe5 Rxe5 28. Kf2 b4 29. axb4 cxb4 30. Ra1 Rc8 31. Rfc1 Rec5 32. c3 h5 33.
Nf3 bxc3 34. Rxc3 Rxc3 35. bxc3 Rxc3 36. Re1 Rc5 37. e5 fxe5 38. Nxe5 Bd5 39.
Ng6 Kf7 40. Nf4 Bc6 41. Re2 Rf5 42. Ke3 Re5+ 43. Kf2 1/2-1/2

[Event "ACP Blitz"]
[Site "Playchess.com INT"]
[Date "2006.??.??"]
[Round "8"]
[White "Fressinet, Laurent"]
[Black "Kosteniuk, Alexandra"]
[Result "1-0"]
[WhiteElo "2640"]
[BlackElo "2531"]
[PlyCount "107"]
[EventDate "2006.12.??"]
[EventType "swiss (blitz)"]
[EventRounds "11"]
[EventCountry "GER"]
[SourceTitle "EXT 2013"]
[Source "ChessBase"]
[SourceDate "2012.11.22"]
[SourceVersion "1"]
[SourceVersionDate "2012.11.22"]
[SourceQuality "1"]

1. e4 e5 2. Bc4 Nf6 3. d3 Nc6 4. Nf3 Bc5 5. c3 O-O 6. h3 a6 7. Bb3 d6 8. Nbd2
Ba7 9. Nf1 d5 10. Qe2 Qd6 11. Ng3 h6 12. O-O Re8 13. exd5 Nxd5 14. Ne4 Qd8 15.
Bxh6 Be6 16. Be3 Nf4 17. Bxf4 exf4 18. Bxe6 Rxe6 19. Qc2 Rg6 20. d4 Qd7 21. Kh2
Re8 22. Rae1 Rh6 23. Neg5 Rf8 24. Qe4 Bb8 25. Kg1 Qd6 26. Ne5 Nxe5 27. dxe5 Qg6
28. Qxg6 Rxg6 29. Nf3 c5 30. Rd1 Re6 31. Rd5 b6 32. c4 Rfe8 33. Re1 f6 34. b3
Bxe5 35. Kf1 Kf7 36. Rd7+ R8e7 37. Red1 g5 38. R1d5 Rxd7 39. Rxd7+ Re7 40.
Rxe7+ Kxe7 41. Ke2 Ke6 42. Kd3 Bd6 43. Ke4 f5+ 44. Kd3 Be7 45. Ng1 g4 46. f3
Kf6 47. hxg4 fxg4 48. Ke4 Kg5 49. Ne2 gxf3 50. gxf3 Bd6 51. Kd5 Bf8 52. Kc6 Bh6
53. Kxb6 Kf5 54. Kxa6 1-0

[Event "ACP Blitz"]
[Site "Playchess.com INT"]
[Date "2006.??.??"]
[Round "8"]
[White "Kosteniuk, Alexandra"]
[Black "Fressinet, Laurent"]
[Result "0-1"]
[WhiteElo "2531"]
[BlackElo "2640"]
[PlyCount "82"]
[EventDate "2006.12.??"]
[EventType "swiss (blitz)"]
[EventRounds "11"]
[EventCountry "GER"]
[SourceTitle "EXT 2013"]
[Source "ChessBase"]
[SourceDate "2012.11.22"]
[SourceVersion "1"]
[SourceVersionDate "2012.11.22"]
[SourceQuality "1"]

1. e4 e5 2. Nf3 d6 3. d4 exd4 4. Nxd4 Nf6 5. Nc3 Be7 6. g3 d5 7. e5 Ng4 8. e6
Nf6 9. exf7+ Kxf7 10. Bg2 c6 11. O-O Re8 12. h3 Kg8 13. Bf4 Na6 14. Re1 Nc5 15.
b4 Nce4 16. Nxe4 Nxe4 17. Bxe4 dxe4 18. c3 Bf6 19. Qb3+ Kh8 20. Rad1 Qe7 21. f3
Qf8 22. Rxe4 Rxe4 23. fxe4 Bxh3 24. e5 Be7 25. Qc2 Rd8 26. Qh2 Bg4 27. Rf1 Qg8
28. e6 Bf6 29. Bc7 Re8 30. Re1 Bxe6 31. Qf2 Bd5 32. Bf4 h6 33. a4 Rxe1+ 34.
Qxe1 Qf7 35. Qe3 Qh5 36. Kf2 Qh2+ 37. Ke1 Qh1+ 38. Kd2 Qg2+ 39. Ne2 Bc4 40.
Qe8+ Kh7 41. Qe3 Qxe2+ 0-1